League of Legends Worlds 2022 Teams and Rosters - Statistics

General Stats
  • This quiz has been taken 30 times
  • The average score is 85 of 148
Answer Stats
Hint Answer % Correct
LCK #4 DRX
100%
LCK #1 Gen.G
100%
LCK #2 T1
100%
DRX BeryL
96%
DK Canyon
96%
G2 Caps
96%
GEN Chovy
96%
DRX Deft
96%
GEN Doran
96%
LCK #3 DWG KIA
96%
T1 Faker
96%
LEC #3 Fnatic
96%
LEC #2 G2 Esports
96%
T1 Gumayusi
96%
FNC Humanoid
96%
T1 Keria
96%
T1 Oner
96%
LEC #1 Rogue
96%
GEN Ruler
96%
DK ShowMaker
96%
LPL #2 Top Esports
96%
T1 Zeus
96%
G2 BrokenBlade
91%
FNC Hylissang
91%
G2 Jankos
91%
DRX Kingen
91%
TES knight
91%
RGE Larssen
91%
GEN Lehends
91%
LEC #4 MAD Lions
91%
MAD Nisqy
91%
RGE Odoamne
91%
GEN Peanut
91%
LPL #4 Royal Never Give Up
91%
FNC Upset
91%
DRX Zeka
91%
JDG 369
87%
LPL #3 EDward Gaming
87%
MAD Elyoya
87%
G2 Flakked
87%
LPL #1 JD Gaming
87%
MAD Kaiser
87%
JDG Kanavi
87%
DRX Pyosik
87%
FNC Razork
87%
EDG Scout
87%
G2 Targamas
87%
FNC Wunder
87%
MAD Armut
83%
RGE Comp
83%
TES JackeyLove
83%
RGE Malrang
83%
EDG Meiko
83%
DK Nuguri
83%
RGE Trymbi
83%
EDG Viper
83%
DK deokdam
78%
EDG Flandre
78%
VCS #1 GAM Esports
78%
RNG Xiaohu
78%
LCS #2 100 Thieves
74%
LCS #1 Cloud9
74%
LCS #3 Evil Geniuses
74%
RNG GALA
74%
C9 Jensen
74%
RNG Ming
74%
TES Tian
74%
MAD UNF0RGIVEN
74%
PCS #1 CTBC Flying Oyster
70%
EDG Jiejie
70%
JDG Yagao
70%
LJL #1 DetonatioN FocusMe
65%
JDG Hope
65%
EG Impact
65%
EG jojopyun
65%
DK Kellin
65%
JDG MISSING
65%
C9 Zven
65%
RNG Breathe
61%
EG Inspired
61%
DRX Juhan
61%
CBLOL #1 LOUD
61%
C9 Blaber
57%
C9 Fudge
57%
RNG Weiwei
57%
C9 Berserker
52%
DFM Evi
52%
GAM Levi
52%
FNC Rhuckz
52%
EG Vulcan
52%
TES Wayward
52%
100 Abbedagge
48%
100 Closer
48%
100 FBI
48%
TES Mark
48%
100 Ssumday
48%
DFM Yutapon
48%
100 huhi
35%
EG Kaori
35%
GAM Bie
30%
LCO #1 Chiefs Esports Club
30%
TCL #1 Istanbul Wildcats
30%
GAM Kiaya
30%
VCS #2 Saigon Buffalo
30%
PCS #2 Beyond Gaming
26%
LLA #1 Isurus Gaming
26%
CFO Rest
26%
LLL Robo
26%
SGB Shogun
26%
DFM Steal
26%
GAM Kati
22%
LLL tinowns
22%
SGB BeanJ
17%
LLL Ceos
17%
LLL Croc
17%
CFO Gemini
17%
CFO Koala
17%
ISG ADD
13%
CFO Atlen
13%
LLL Brance
13%
DFM Harp
13%
SGB Hasmed
13%
IW HolyPhoenix
13%
ISG seiya
13%
BYG Wako
13%
DFM Yaharong
13%
CHF Aladoric
9%
CHF Arthur
9%
IW Farfetch
9%
IW Ferret
9%
SGB Froggy
9%
ISG Gavotto
9%
ISG Grell
9%
BYG Husha
9%
ISG Jelly
9%
BYG Kino
9%
BYG Liang
9%
BYG Likai
9%
BYG Minji
9%
CHF Raes
9%
IW Serin
9%
CFO Shunn
9%
IW StarScreen
9%
GAM Style
9%
SGB Taki
9%
CHF Tally
9%
CHF Topoon
9%
CFO JimieN
4%
No matching quizzes found
Score Distribution
Percent of People with Each Score
Percentile by Number Answered
Your Score History
You have not taken this quiz